Problematika tzv. vratných obalů

Určovanie dane z pridanej hodnoty ak: dodávateľ spolu s tovarom predáva aj obaly alebo ich iba požičiava. Dodávateľ aj odberateľ sú platcami DPH. Dodávateľ je platcom DPH a odberateľ nie je. Odberateľ je platcom DPH. Dodávateľ ani odberateľ nie sú platcami DPH.

Gespeichert in:
Bibliographische Detailangaben
1. Verfasser: Louša, F.
Format: Buchkapitel
Sprache:Tschechisch
Schlagworte:
Tags: Tag hinzufügen
Keine Tags, Fügen Sie das erste Tag hinzu!

MARC

LEADER 00000naa a2200000 4500
001 r019269
005 20221208131535.0
041 0 |a cze 
044 |a CZ 
245 1 0 |a Problematika tzv. vratných obalů  |c F. Louša 
520 |a Určovanie dane z pridanej hodnoty ak: dodávateľ spolu s tovarom predáva aj obaly alebo ich iba požičiava. Dodávateľ aj odberateľ sú platcami DPH. Dodávateľ je platcom DPH a odberateľ nie je. Odberateľ je platcom DPH. Dodávateľ ani odberateľ nie sú platcami DPH. 
610 2 0 |a obaly 
610 2 0 |a zmluvy obchodné 
610 2 0 |a dane z hodnoty pridanej 
610 2 0 |a dodávky 
610 2 0 |a tovar 
610 2 0 |a dodávatelia 
610 2 0 |a odberatelia 
610 2 0 |a hospodárstvo obalové 
100 1 |a Louša, F.